| 000 | 00433nam a2200181Ia 4500 | ||
|---|---|---|---|
| 001 | 9907 | ||
| 005 | 20260306161753.0 | ||
| 008 | 260306t2015||||xx |||||||||||||| ||spa|| | ||
| 041 | _aESP | ||
| 082 |
_a808.066378 _bP84 |
||
| 100 |
_aPrat Ferrer, Juan José _eAUT |
||
| 245 | 0 | _aManual de escritura académica | |
| 260 | _c2015 | ||
| 300 |
_a266 páginas : _c24 cm. |
||
| 650 | _aGEN | ||
| 654 | _aCHU | ||
| 942 |
_cLIB _dJUS _fJUS _2ddc _n |
||
| 999 |
_c9907 _d9907 |
||